|
|
|
|
| LEADER |
02238nam a2200553 a 4500 |
| 001 |
nkc20051569481 |
| 003 |
CZ PrNK |
| 005 |
20251212105558.0 |
| 007 |
ta |
| 008 |
050531s2005 xr af e p 000 0 cze |
| 015 |
|
|
|a cnb001569481
|
| 020 |
|
|
|a 80-01-03231-0
|q (brož.) :
|c Kč 124,00
|
| 035 |
|
|
|a (OCoLC)85154504
|
| 040 |
|
|
|a BOA001
|b cze
|d ABA001
|
| 072 |
|
7 |
|a 712
|x Plánování krajiny. Parky. Zahrady
|2 Konspekt
|9 24
|
| 072 |
|
7 |
|a 37.016
|x Učební osnovy. Vyučovací předměty. Učebnice
|2 Konspekt
|9 22
|
| 080 |
|
|
|a 69.01/.03
|2 MRF
|
| 080 |
|
|
|a 711.61
|2 MRF
|
| 080 |
|
|
|a 712.252
|2 MRF
|
| 080 |
|
|
|a 72.012
|2 MRF
|
| 080 |
|
|
|a (075.8)
|2 MRF
|
| 100 |
1 |
|
|a Sýkora, Jaroslav,
|d 1932-
|7 ntka174124
|4 aut
|
| 245 |
1 |
0 |
|a Ateliérová tvorba 1 a 2 :
|b navrhování zeleně a úprava okolí staveb /
|c Jaroslav Sýkora
|
| 246 |
3 |
0 |
|a Navrhování zeleně a úprava okolí staveb
|
| 250 |
|
|
|a Vyd. 1.
|
| 260 |
|
|
|a Praha :
|b Vydavatelství ČVUT,
|c 2005
|
| 300 |
|
|
|a 68 s., [8] l. barev. obr. příl. :
|b il. ;
|c 30 cm
|
| 500 |
|
|
|a Na obálce pod názvem: ČVUT v Praze, Fakulta stavební
|
| 500 |
|
|
|a 250 výt.
|
| 504 |
|
|
|a Obsahuje bibliografii
|
| 550 |
|
|
|a Vydavatel: České vysoké učení technické v Praze
|
| 650 |
0 |
7 |
|a stavby
|7 ph116274
|2 czenas
|
| 650 |
0 |
7 |
|a veřejná prostranství
|7 ph127074
|2 czenas
|
| 650 |
0 |
7 |
|a veřejná zeleň
|7 ph127078
|2 czenas
|
| 650 |
0 |
7 |
|a architektonická kompozice
|7 ph139100
|2 czenas
|
| 650 |
0 |
9 |
|a buildings
|2 eczenas
|
| 650 |
0 |
9 |
|a public places
|2 eczenas
|
| 650 |
0 |
9 |
|a urban plants
|2 eczenas
|
| 650 |
0 |
9 |
|a architectural composition
|2 eczenas
|
| 655 |
|
7 |
|a učebnice vysokých škol
|7 fd133772
|2 czenas
|
| 655 |
|
9 |
|a textbooks (higher)
|2 eczenas
|
| 710 |
2 |
|
|a České vysoké učení technické v Praze.
|b Stavební fakulta
|7 kn20010710181
|
| 856 |
4 |
1 |
|u http://www.digitalniknihovna.cz/mzk/uuid/uuid:8f9a53c0-9053-11e6-baa5-005056827e51
|y Digitalizovaný dokument
|x NDK
|
| 910 |
2 |
|
|a BOA001
|b 3-1154.198
|
| 990 |
|
|
|a BK
|
| 995 |
|
|
|a 01
|
| 991 |
|
|
|b 200507
|c NOV
|
| 996 |
6 |
|
|b 2610253950
|c 3-1154.198
|l MZK
|r Sklad / do 1 hodiny
|n 1
|p p.v.
|w 000778083
|u 000010
|a 1
|e BOA001
|j MZK50
|s P
|
| 996 |
7 |
|
|b 2610263145
|c 3-1154.198
|l MZK
|r Sklad / do 1 hodiny
|n 16
|p kup
|w 000778083
|u 000020
|a 1
|e BOA001
|j MZK50
|s A
|